A tudomány ünnepei Velünk élő tudomány [rövid hír]

Elmentve itt :
Bibliográfiai részletek
Dokumentumtípus: Cikk
Megjelent: 2013-11-04
Sorozat:Délmagyarország
Kulcsszavak:Szabó Gábor (fizikus, rektor), Bor Zsolt, Dékány Imre, Előadássorozat, SZAB
Online Access:http://univ.bibl.u-szeged.hu/42532
LEADER 00525nab a2200157 i 4500
001 univ42532
005 20171214104024.0
008 171214s2013 hu o 0|| zxx d
040 |a SZTE UnivHistória Repozitórium  |b hun 
041 |a zxx 
245 0 2 |a A tudomány ünnepei   |h [elektronikus dokumentum] :  |b Velünk élő tudomány [rövid hír] 
260 |c 2013-11-04 
300 |a 8 
490 0 |a Délmagyarország 
561 |a Egyetemi hirarchívum 
695 |a Szabó Gábor (fizikus, rektor), Bor Zsolt, Dékány Imre, Előadássorozat, SZAB